00748cam a22002411 4500001001300000003000400013005001700017008004100034010001700075035002000092040001800112042001200130043001200142050001500154100001800169245005700187260003600244300005400280650003700334650002000371830009800391999001700489gs 63000070 DLC20260227111412.0890601s1962 fr abf 000 0 fre  ags 63000070  a(OCoLC)23424325 aDLCcMiUdDLC apremarc ae-fr---00aQE676b.R51 aRicour, Jean.10aContribution à une révision du trias français. aParis,bImpr. nationale,c1962. a471 p.b24 plates, maps, diagrs., tables.c32 cm. 0aGeology, StratigraphicyTriassic 0aGeologyzFrance 0aMémoires pour servir à l'explication de la carte géologique détaillée de la France. c29675d29675